Library of the University of Algiers 3
Ibrahim Sultan Cheibout
شعار جامعة الجزائر 3
مكتبة جامعة الجزائر 3
إبراهيم سلطان شيبوط

المشكلات العملية في جرائم الشيك / (رقم التسجيلة. 45579)

تفاصيل مارك
000 -LEADER
fixed length control field 01151nam a2200241Ia 4500
003 - CONTROL NUMBER IDENTIFIER
control field Ost
005 - DATE AND TIME OF LATEST TRANSACTION
control field 20260507075650.0
008 - FIXED-LENGTH DATA ELEMENTS--GENERAL INFORMATION
fixed length control field 260507s9999||||xx |||||||||||||| ||und||
020 ## - INTERNATIONAL STANDARD BOOK NUMBER
International Standard Book Number 8865312977
040 ## - CATALOGING SOURCE
Transcribing agency fsecg
041 ## - LANGUAGE CODE
Language code of text/sound track or separate title ara
082 ## - DEWEY DECIMAL CLASSIFICATION NUMBER
Classification number 346.09
100 ## - MAIN ENTRY--PERSONAL NAME
Personal name هرجة، مصطفى مجدي
Relator term مؤلف
245 #0 - TITLE STATEMENT
Title المشكلات العملية في جرائم الشيك /
Statement of responsibility, etc. مصطفى مجدي هرجة
260 ## - PUBLICATION, DISTRIBUTION, ETC.
Place of publication, distribution, etc. الإسكندرية:
Name of publisher, distributor, etc. دار محمود للنشر والتوزيع,
Date of publication, distribution, etc. 2005
300 ## - PHYSICAL DESCRIPTION
Extent 309 صفحة؛
Other physical details إيضاحات ؛
Dimensions 24 سم
504 ## - BIBLIOGRAPHY, ETC. NOTE
Bibliography, etc. note المراجع ص. 295
520 ## - SUMMARY, ETC.
Summary, etc. تعريف الشيك وأنواعه والتفرقة بينه بين الأوراق التجارية الأخرى- الشروط الشكلية والموضوعية للشيك- أركان الجريمة- أسباب الإباحة في الإمتناع عن صرف الشيك- نظر الدعوى والحكم فيها.
653 ## - INDEX TERM--UNCONTROLLED
Uncontrolled term الجريمة والمجرمون- الشيكات - مصر
653 ## - INDEX TERM--UNCONTROLLED
Uncontrolled term الشيكات- قوانين وتشريعات- مصر
653 ## - INDEX TERM--UNCONTROLLED
Uncontrolled term جرائم الأموال
942 ## - ADDED ENTRY ELEMENTS (KOHA)
Koha item type كتب

لا توجد مواد متاحة.

موارد الويب المفتوحة


© University of Algiers 3 All Rights Reserved
|
Implemented by LECHELAH Riad